| 000 | 00694nac a22002051u 4500 | ||
|---|---|---|---|
| 008 | 081027t1988 nyu|||||r|||| 00| 0 eng d | ||
| 010 | _a 87033628 | ||
| 020 | _a0070536287 (pbk.) | ||
| 082 | 0 | 0 |
_a160 _bNOL _222 |
| 100 |
_aNolt, John Eric. _933369 |
||
| 245 | 1 | 0 |
_aSchaum’s outline of theory and problems of LOGIC / _cby John Nolt and Dennis Rohatyn. |
| 260 |
_aNew York : _bMcGraw-Hill Book Co., _cc1988. |
||
| 300 |
_a280 p. : _bill. ; _c28 cm. |
||
| 490 | 0 | _aSchaum's outline series | |
| 650 | 0 |
_aLogic _xOutlines, syllabi, etc. _933370 _2BUEsh |
|
| 651 | _2BUEsh | ||
| 700 | 1 |
_aRohatyn, Dennis A. _933371 |
|
| 740 | 0 | _aTheory and problems of LOGIC. | |
| 942 |
_cBB _k160 NOL _2ddc |
||
| 999 |
_c374 _d374 |
||